000 00304nam a22001337a 4500
008 181207b xxu||||| |||| 00| 0 eng d
020 _a0316757357
041 _aeng
080 _a617
100 _a6
101 _aANE
245 _aInternational Anesthesiology Clinics
_cRosenthal,M
942 _2udc
_cBK
999 _c53051
_d53051